DiSNEy Bambi (Record no. 184863)

MARC details
000 -LEADER
fixed length control field 00781nam a22002291i 4500
005 - DATE AND TIME OF LATEST TRANSACTION
control field 20210908121306.0
008 - FIXED-LENGTH DATA ELEMENTS--GENERAL INFORMATION
fixed length control field 210908s2020 caua|||j ||| 000 1 eng d
020 ## - INTERNATIONAL STANDARD BOOK NUMBER
International Standard Book Number 9781839030659
Qualifying information hardback
Terms of availability RM 26.60
040 ## - CATALOGING SOURCE
Original cataloging agency PPAK
Language of cataloging eng
Transcribing agency PPAK
Description conventions rda
082 04 - DEWEY DECIMAL CLASSIFICATION NUMBER
Edition number 23
Classification number 813.54
090 00 - LOCALLY ASSIGNED LC-TYPE CALL NUMBER (OCLC); LOCAL CALL NUMBER (RLIN)
Classification number (OCLC) (R) ; Classification number, CALL (RLIN) (NR) 813.54
Feature heading BAM
Feature heading K
245 10 - TITLE STATEMENT
Title DiSNEy Bambi
264 #1 - PRODUCTION, PUBLICATION, DISTRIBUTION, MANUFACTURE, AND COPYRIGHT NOTICE
Place of production, publication, distribution, manufacture Cottage Publishing, Sywell :
Name of producer, publisher, distributor, manufacturer Autumn Publishing ,
Date of production, publication, distribution, manufacture, or copyright notice 2020
300 ## - PHYSICAL DESCRIPTION
Extent 1 volume (unpaged) :
Other physical details chiefly colour illustrations ;
Dimensions 23 cm.
336 ## - CONTENT TYPE
Source rdacontent
Content type term text
337 ## - MEDIA TYPE
Source rdamedia
Media type term unmediated
338 ## - CARRIER TYPE
Source rdacarrier
Carrier type term volume
650 10 - SUBJECT ADDED ENTRY--TOPICAL TERM
Topical term or geographic name entry element Bambi (Fictitious character)
Form subdivision Juvenile fiction.
Topical term or geographic name entry element Deer
Form subdivision Pictorial works
-- Juvenile fiction.
Topical term or geographic name entry element Forest animals
Form subdivision Pictorial works
-- Juvenile fiction.
942 ## - ADDED ENTRY ELEMENTS (KOHA)
Source of classification or shelving scheme Dewey Decimal Classification
Koha item type Book
Holdings
Withdrawn Not for loan Current library Shelving location Date acquired Total Checkouts Total Renewals Full call number Barcode Date last seen Date last checked out Koha item type Checked out
    Perpustakaan Alor Setar Pinjaman Kanak-kanak 13/10/2021 5 1 K 813.54 BAM A01707241 09/02/2026 15/01/2026 Book  
    Perpustakaan Awam Sungai Petani Pinjaman Kanak-kanak 13/10/2021 4 1 K 813.54 BAM A01707242 30/05/2023 20/05/2023 Book  
    Perpustakaan Baling Pinjaman Kanak-kanak 13/10/2021 1   K 813.54 BAM A01707246 02/05/2026 12/04/2026 Book  
    Perpustakaan Bandar Baharu Pinjaman Kanak-kanak 13/10/2021     K 813.54 BAM A01707247 13/10/2021   Book  
    Perpustakaan Jitra Pinjaman Kanak-kanak 13/10/2021 2 1 K 813.54 BAM A01707243 01/04/2023 15/02/2023 Book  
    Perpustakaan Kulim Pinjaman Kanak-kanak 13/10/2021 10   K 813.54 BAM A01707245 22/04/2026 22/04/2026 Book 13/05/2026
    Perpustakaan Langkawi Pinjaman Kanak-kanak 13/10/2021 1   K 813.54 BAM A01707244 12/06/2024 09/06/2024 Book